[Event "10. Open Internacional de Galapagar"]
[Site "Galapagar ESP"]
[Date "2009.07.25"]
[Round "8.13"]
[White "Cuadrado Lopez, Francisco Javier"]
[Black "Sanchez Alarcos Galian, Victor"]
[Result "1-0"]
[WhiteElo "1937"]
[BlackElo "2146"]
[PlyCount "81"]
[EventDate "2009.07.18"]
[EventType "swiss"]
[EventRounds "9"]
[EventCountry "ESP"]
[Source "lmi"]
[SourceDate "2009.07.18"]

1. c4 c5 2. Nc3 Nc6 3. Nf3 e5 4. d3 g6 5. g3 Bg7 6. Bg2 Nge7 7. e4 d6 8. Be3
O-O 9. Qd2 Nd4 10. Bh6 Nec6 11. Bxg7 Kxg7 12. a3 Nb3 13. Qd1 Nxa1 14. Qxa1 Nd4
15. Nxd4 cxd4 16. Nd5 Be6 17. h4 Bxd5 18. exd5 h5 19. Qc1 f5 20. Qd2 Qf6 21.
Kd1 Rfe8 22. Re1 Re7 23. Re2 Rae8 24. f3 Rc7 25. Qa5 b6 26. Qb4 Rc5 27. a4 g5
28. hxg5 Qxg5 29. Qe1 Rcc8 30. Bh3 Kh8 31. f4 Qf6 32. Qf1 exf4 33. Rf2 fxg3 34.
Rxf5 Qg6 35. Rf6 Qg7 36. Qf3 Qg5 37. Rf5 Re1+ 38. Kc2 Rxc4+ 39. Kb3 Rc3+ 40.
bxc3 Rb1+ 41. Kc4 1-0

[Event "10. Open Internacional de Galapagar"]
[Site "Galapagar ESP"]
[Date "2009.07.25"]
[Round "8.14"]
[White "Rodriguez de Castro, Ayar"]
[Black "Osorio Ramos, Francisco"]
[Result "1-0"]
[WhiteElo "2084"]
[BlackElo "1953"]
[PlyCount "85"]
[EventDate "2009.07.18"]
[EventType "swiss"]
[EventRounds "9"]
[EventCountry "ESP"]
[Source "lmi"]
[SourceDate "2009.07.18"]

1. d4 g6 2. c4 Bg7 3. Nf3 c5 4. d5 d6 5. e4 Bg4 6. Be2 Nf6 7. Nc3 O-O 8. O-O e5
9. dxe6 fxe6 10. Bg5 Bxf3 11. Bxf3 Nc6 12. Nb5 h6 13. Be3 Ne8 14. Bg4 Rf6 15.
Qd2 a6 16. Nc3 Ne5 17. Be2 Kh7 18. Rad1 Qe7 19. f4 Nc6 20. Rf3 Rf7 21. Rh3 Bd4
22. f5 Bxe3+ 23. Qxe3 g5 24. Bh5 Rf6 25. Bg6+ Rxg6 26. fxg6+ Kxg6 27. e5 Nxe5
28. Qe4+ Kg7 29. Rf1 Nf6 30. Rxf6 Qxf6 31. Qxb7+ Nf7 32. Qxa8 Qd4+ 33. Kf1
Qxc4+ 34. Ke1 d5 35. Qb7 Kg6 36. Qb3 Qd4 37. Qc2+ Kg7 38. Qf2 Qe5+ 39. Re3 Qxh2
40. Rxe6 Qh1+ 41. Kd2 Qh5 42. Qf6+ Kf8 43. Nxd5 1-0

[Event "10. Open Internacional de Galapagar"]
[Site "Galapagar ESP"]
[Date "2009.07.25"]
[Round "8.16"]
[White "Julian Sierra, Rogelio"]
[Black "Olias Munoz, Francisco"]
[Result "1-0"]
[WhiteElo "2014"]
[BlackElo "1929"]
[PlyCount "45"]
[EventDate "2009.07.18"]
[EventType "swiss"]
[EventRounds "9"]
[EventCountry "ESP"]
[Source "lmi"]
[SourceDate "2009.07.18"]

1. Nf3 Nf6 2. g3 g6 3. Bg2 Bg7 4. c4 O-O 5. O-O d5 6. cxd5 Nxd5 7. Nc3 c5 8.
Nxd5 Qxd5 9. d3 Qd6 10. Be3 Nc6 11. Rc1 Bxb2 12. Rxc5 Bg7 13. Qb3 Rb8 14. Rfc1
Be6 15. Qa4 Bd5 16. Bf4 e5 17. Nxe5 Nxe5 18. Rxd5 Qe6 19. Qe4 Nc6 20. Bxb8 Rxb8
21. Qxe6 fxe6 22. Rd7 Nb4 23. Bh3 1-0

[Event "10. Open Internacional de Galapagar"]
[Site "Galapagar ESP"]
[Date "2009.07.25"]
[Round "8.17"]
[White "Martin Duque, Jesus"]
[Black "Esquivias Gomez, Francisco Javier"]
[Result "1-0"]
[WhiteElo "1930"]
[BlackElo "2009"]
[PlyCount "67"]
[EventDate "2009.07.18"]
[EventType "swiss"]
[EventRounds "9"]
[EventCountry "ESP"]
[Source "lmi"]
[SourceDate "2009.07.18"]

1. e4 e5 2. Nf3 d5 3. exd5 e4 4. Qe2 Nf6 5. Nc3 Be7 6. Nxe4 O-O 7. d3 Nxd5 8.
Qd1 f5 9. Nc3 Re8 10. Be2 Bb4 11. Bd2 Bxc3 12. bxc3 Qf6 13. d4 Nc6 14. O-O f4
15. c4 Nde7 16. d5 Ne5 17. Nxe5 Qxe5 18. Bd3 Bf5 19. Qf3 Ng6 20. Rae1 Qf6 21.
Rb1 Ne5 22. Qxf4 Nxd3 23. cxd3 Bxd3 24. Qxf6 gxf6 25. Rxb7 Bxf1 26. Kxf1 Rab8
27. Rxb8 Rxb8 28. Ba5 Rb2 29. Bxc7 Kf7 30. c5 Rd2 31. d6 Ke6 32. c6 Rxa2 33. d7
Ra1+ 34. Ke2 1-0

[Event "10. Open Internacional de Galapagar"]
[Site "Galapagar ESP"]
[Date "2009.07.25"]
[Round "8.18"]
[White "De Armentia Roldan, Benigno"]
[Black "Sanchez Delgado, Lidia"]
[Result "1/2-1/2"]
[WhiteElo "1860"]
[BlackElo "2006"]
[PlyCount "45"]
[EventDate "2009.07.18"]
[EventType "swiss"]
[EventRounds "9"]
[EventCountry "ESP"]
[Source "lmi"]
[SourceDate "2009.07.18"]

1. d4 Nf6 2. Nf3 g6 3. g3 Bg7 4. Bg2 d5 5. O-O O-O 6. c4 c6 7. Nc3 h6 8. Qb3 b6
9. Bf4 Be6 10. Rfd1 dxc4 11. Qc2 Qc8 12. e4 Rd8 13. Rac1 Na6 14. a3 Nh5 15. Be3
Rb8 16. d5 cxd5 17. Nxd5 Qb7 18. Nd4 b5 19. Nxe6 fxe6 20. Nc3 e5 21. Rxd8+ Rxd8
22. Rd1 Rd6 23. Rd5 1/2-1/2

[Event "10. Open Internacional de Galapagar"]
[Site "Galapagar ESP"]
[Date "2009.07.25"]
[Round "8.19"]
[White "Arbunic Castro, Giovanna B"]
[Black "Avendano Mateos, Jose"]
[Result "1-0"]
[WhiteElo "2105"]
[BlackElo "1925"]
[PlyCount "132"]
[EventDate "2009.07.18"]
[EventType "swiss"]
[EventRounds "9"]
[EventCountry "ESP"]
[Source "lmi"]
[SourceDate "2009.07.18"]

1. e4 c6 2. d4 d5 3. e5 Bf5 4. Nf3 e6 5. a3 Nd7 6. Be2 c5 7. dxc5 Bxc5 8. b4
Bb6 9. O-O Qc7 10. c4 dxc4 11. Bb2 Ne7 12. Nbd2 c3 13. Rc1 Nd5 14. Bb5 c2 15.
Qe1 a6 16. Bc4 Nf4 17. Ne4 O-O 18. Rxc2 Rac8 19. Rc1 Qb8 20. Qd2 Bxe4 21. Qxf4
Bxf3 22. Qxf3 Bc7 23. Rfd1 Nxe5 24. Qg3 Ng6 25. Qh3 Be5 26. Bxe5 Qxe5 27. Qf3
Rc7 28. Bb3 Rfc8 29. Rxc7 Qxc7 30. h3 b5 31. Qd3 Ne5 32. Qd6 Qxd6 33. Rxd6 Ra8
34. f4 Ng6 35. f5 exf5 36. Rd7 Ne5 37. Re7 Nc4 38. Bxc4 bxc4 39. Rc7 g6 40.
Rxc4 Kg7 41. Rc5 Ra7 42. Ra5 Kf6 43. b5 Ke7 44. Rxa6 Rb7 45. a4 Kd7 46. Kf2 Kc8
47. Ke3 Rd7 48. Rc6+ Kb7 49. Rc4 Kb6 50. Rd4 Re7+ 51. Kd2 Kc5 52. Rd8 Ra7 53.
Rc8+ Kb6 54. Rc6+ Ka5 55. Kc3 f4 56. h4 h6 57. h5 Ra8 58. hxg6 fxg6 59. Rxg6 h5
60. Ra6+ Rxa6 61. bxa6 Kxa6 62. Kd3 f3 63. gxf3 Ka5 64. f4 h4 65. Ke3 h3 66.
Kf3 Kxa4 1-0

[Event "10. Open Internacional de Galapagar"]
[Site "Galapagar ESP"]
[Date "2009.07.25"]
[Round "8.21"]
[White "Camarero Izquierdo, Juan Carlos"]
[Black "Moreno Torrero, Javier"]
[Result "0-1"]
[WhiteElo "1950"]
[BlackElo "2060"]
[PlyCount "116"]
[EventDate "2009.07.18"]
[EventType "swiss"]
[EventRounds "9"]
[EventCountry "ESP"]
[Source "lmi"]
[SourceDate "2009.07.18"]

1. e4 c5 2. Nf3 e6 3. d4 cxd4 4. Nxd4 Nf6 5. Bd3 Nc6 6. Nxc6 bxc6 7. O-O d5 8.
e5 Nd7 9. Re1 Qb6 10. Qg4 Ba6 11. Nd2 h5 12. Qg3 Bxd3 13. cxd3 h4 14. Qg4 Qb4
15. Qg5 g6 16. a3 Qd4 17. Qe3 Qxe3 18. Rxe3 Rb8 19. d4 c5 20. dxc5 Bxc5 21. Re2
h3 22. g3 Rh5 23. Nf3 Rb3 24. g4 Rh8 25. Nd2 Rd3 26. Nf1 Rd1 27. Rd2 Re1 28. b4
Rh4 29. Bb2 Rxg4+ 30. Kh1 Rxa1 31. Bxa1 Bb6 32. Ne3 Re4 33. Nc2 Nxe5 34. Bxe5
Rxe5 35. a4 a5 36. bxa5 Bxa5 37. Rd1 Re4 38. Nd4 Bb6 39. Nf3 Rxa4 40. Kg1 Ra3
41. Ne5 Ra2 42. Nd3 Bd4 43. Rf1 g5 44. Nc1 Ra1 45. Ne2 Rxf1+ 46. Kxf1 Be5 47.
Kg1 Kd7 48. Nc1 Kc6 49. Nd3 Bd6 50. f3 e5 51. Kh1 e4 52. fxe4 dxe4 53. Nf2 e3
54. Nd3 Kd5 55. Kg1 Ke4 56. Ne1 Bb4 57. Nc2 Bc3 58. Kf1 Kd3 0-1

[Event "10. Open Internacional de Galapagar"]
[Site "Galapagar ESP"]
[Date "2009.07.25"]
[Round "8.24"]
[White "Iagar, Razvan Gabriel"]
[Black "Beltran de Heredia Eguiaz, Miguel A"]
[Result "1/2-1/2"]
[WhiteElo "1949"]
[BlackElo "2041"]
[PlyCount "71"]
[EventDate "2009.07.18"]
[EventType "swiss"]
[EventRounds "9"]
[EventCountry "ESP"]
[Source "lmi"]
[SourceDate "2009.07.18"]

1. d4 Nf6 2. c4 g6 3. g3 Bg7 4. Bg2 O-O 5. Nf3 d6 6. Nc3 Nbd7 7. O-O e5 8. e4
Re8 9. Re1 exd4 10. Nxd4 a6 11. h3 Rb8 12. Rb1 Ne5 13. b3 c5 14. Nde2 b5 15. f4
Ned7 16. cxb5 axb5 17. b4 cxb4 18. Rxb4 Qa5 19. a3 Ba6 20. Nd4 Rec8 21. Nd5
Nxd5 22. exd5 Bxd4+ 23. Rxd4 Qc3 24. Rd3 Qa1 25. Qd2 Nc5 26. Rde3 Na4 27. Bf3
h5 28. Be4 Rc5 29. Bc2 Rbc8 30. Re8+ Kh7 31. Rxc8 Rxc8 32. Bxa4 bxa4 33. Bb2
Qa2 34. Qd4 Rg8 35. Re8 Qb1+ 36. Kh2 1/2-1/2

[Event "10. Open Internacional de Galapagar"]
[Site "Galapagar ESP"]
[Date "2009.07.25"]
[Round "8.25"]
[White "Sotoca Aguado, Jose"]
[Black "Saiz Lopez, Antonio"]
[Result "0-1"]
[WhiteElo "2023"]
[BlackElo "1908"]
[PlyCount "86"]
[EventDate "2009.07.18"]
[EventType "swiss"]
[EventRounds "9"]
[EventCountry "ESP"]
[Source "lmi"]
[SourceDate "2009.07.18"]

1. e4 c5 2. Nf3 e6 3. d4 cxd4 4. Nxd4 a6 5. c4 Nf6 6. Nc3 Bb4 7. Bd3 Nc6 8. Nc2
Bxc3+ 9. bxc3 d5 10. exd5 exd5 11. O-O Be6 12. cxd5 Nxd5 13. Ba3 Qc7 14. Nd4
Ne5 15. Nxe6 fxe6 16. c4 Nf6 17. Be2 Rd8 18. Qb3 Kf7 19. f4 Nc6 20. f5 Rhe8 21.
fxe6+ Kg8 22. Bf3 Nd4 23. Qe3 Nxf3+ 24. Qxf3 Qxc4 25. e7 Rd3 26. Qh5 Qd4+ 27.
Kh1 g6 28. Qc5 Qxc5 29. Bxc5 Nd7 30. Bb4 a5 31. Bxa5 Rxe7 32. Bb4 Re4 33. a3
Ne5 34. h3 Nc6 35. Bf8 h5 36. Rab1 Rd7 37. Bc5 Re5 38. Bf8 Ne7 39. Rb6 Nf5 40.
Rxg6+ Kh7 41. Rg5 Rf7 42. Rxh5+ Kg6 43. Rh6+ Nxh6 0-1

[Event "10. Open Internacional de Galapagar"]
[Site "Galapagar ESP"]
[Date "2009.07.25"]
[Round "8.31"]
[White "Valderrama Arroyo, Victor"]
[Black "Moreno Rodriguez, Jose M"]
[Result "0-1"]
[WhiteElo "1882"]
[BlackElo "2058"]
[PlyCount "152"]
[EventDate "2009.07.18"]
[EventType "swiss"]
[EventRounds "9"]
[EventCountry "ESP"]
[Source "lmi"]
[SourceDate "2009.07.18"]

1. d4 Nf6 2. c4 e6 3. Nf3 d5 4. e3 Nbd7 5. Nc3 Bb4 6. Bd3 c5 7. a3 cxd4 8. exd4
Bxc3+ 9. bxc3 Qa5 10. Qc2 dxc4 11. Bxc4 O-O 12. O-O b6 13. Re1 Ba6 14. Bxa6
Qxa6 15. Qe2 Qxe2 16. Rxe2 Rac8 17. Bb2 Rc6 18. Rc1 Rfc8 19. Rec2 b5 20. Ne1
Nd5 21. Kf1 a5 22. Ke2 N7b6 23. Nd3 Na4 24. Kd2 f6 25. Ba1 Kf7 26. g3 Ke7 27.
f4 Kd6 28. Nf2 Ndb6 29. Kd3 Nc4 30. Ne4+ Kd7 31. Ra2 f5 32. Ng5 h6 33. Nf3 Kc7
34. Re1 Kb6 35. Nh4 Ka6 36. Ng6 R8c7 37. Nf8 Re7 38. Ng6 Re8 39. Ne5 Nxe5+ 40.
Rxe5 Rec8 41. Rc2 Nb6 42. Rce2 Nc4 43. Rxe6 Nxa3 44. d5 Rb6 45. Rxb6+ Kxb6 46.
Re6+ Kc5 47. Re5 Rf8 48. Re7 g6 49. Rg7 Rf6 50. Ke2 Nc4 51. Rb7 a4 52. Kd3 h5
53. Rb8 Rd6 54. Kc2 Rxd5 55. Rc8+ Kb6 56. Rb8+ Kc7 57. Rg8 Rd6 58. Kc1 Re6 59.
Rg7+ Kc6 60. Kd1 Kd5 61. Rd7+ Rd6 62. Re7 Re6 63. Rd7+ Nd6 64. Bb2 Kc4 65. Ba3
Ne4 66. Rc7+ Kb3 67. Bb4 Ra6 68. Kc1 a3 69. Kb1 Nd2+ 70. Ka1 a2 71. Re7 Kc2 72.
Re2 Kd3 73. Rxd2+ Kxd2 74. c4+ Ke2 75. cxb5 Rb6 76. Kxa2 Rxb5 0-1

[Event "10. Open Internacional de Galapagar"]
[Site "Galapagar ESP"]
[Date "2009.07.25"]
[Round "8.32"]
[White "Toranzo Fernandez, Dionisio"]
[Black "Garcia Ruiz Fuentes, Marcos"]
[Result "1-0"]
[WhiteElo "2045"]
[BlackElo "1762"]
[PlyCount "89"]
[EventDate "2009.07.18"]
[EventType "swiss"]
[EventRounds "9"]
[EventCountry "ESP"]
[Source "lmi"]
[SourceDate "2009.07.18"]

1. Nf3 Nf6 2. c4 d6 3. d4 g6 4. g3 Bg7 5. Bg2 O-O 6. O-O Nc6 7. Nc3 a6 8. d5
Nb8 9. Nd4 Nbd7 10. b3 Nc5 11. Bb2 a5 12. Qd2 Bd7 13. h3 Qc8 14. Kh2 e5 15.
dxe6 fxe6 16. e4 Nh5 17. Nde2 e5 18. Nd5 Rf7 19. Ng1 Nf6 20. Nxf6+ Rxf6 21. Ne2
Qe8 22. Nc3 c6 23. Rad1 Rd8 24. Ba3 Bf8 25. Bxc5 dxc5 26. Na4 b5 27. Nb6 Rd6
28. Qxa5 Rd4 29. cxb5 cxb5 30. Nd5 Kg7 31. Nc7 Qf7 32. Rxd4 cxd4 33. Ne6+ Bxe6
34. Qxd8 Be7 35. Qc7 Kh6 36. Qxe5 Bf6 37. Qxb5 Bd7 38. Qd3 Qe6 39. f4 Qb6 40.
Rd1 Bb5 41. Qd2 d3 42. Bf1 Bc3 43. Qxc3 Qf2+ 44. Bg2 Qe2 45. Qd2 1-0

[Event "10. Open Internacional de Galapagar"]
[Site "Galapagar ESP"]
[Date "2009.07.25"]
[Round "8.33"]
[White "Gonzalo Gonzalez, Francisco"]
[Black "Ledo Galan, Jose Emilio"]
[Result "0-1"]
[WhiteElo "1853"]
[BlackElo "1969"]
[PlyCount "62"]
[EventDate "2009.07.18"]
[EventType "swiss"]
[EventRounds "9"]
[EventCountry "ESP"]
[Source "lmi"]
[SourceDate "2009.07.18"]

1. e4 e6 2. Nc3 d5 3. Nf3 d4 4. Ne2 c5 5. d3 Nc6 6. e5 Nge7 7. Bg5 Qc7 8. Bf4
Ng6 9. g3 Ngxe5 10. Nxe5 Nxe5 11. Bg2 Bd6 12. Qd2 Bd7 13. c3 Bc6 14. Bxe5 Bxe5
15. f3 Rd8 16. O-O O-O 17. f4 Bxg2 18. Kxg2 Qc6+ 19. Rf3 Bf6 20. cxd4 Bxd4 21.
Rc1 Qb5 22. Rc2 Rd7 23. Qc1 b6 24. Nxd4 Rxd4 25. Rc3 Rfd8 26. Kh3 Rxd3 27. f5
Rxf3 28. Rxf3 Qe2 29. Qc3 Rd2 30. fxe6 Qxe6+ 31. g4 Qh6+ 0-1

[Event "10. Open Internacional de Galapagar"]
[Site "Galapagar ESP"]
[Date "2009.07.25"]
[Round "8.34"]
[White "Carrasco Espasandin, Pablo"]
[Black "Ruiz Quevedo, Andres"]
[Result "0-1"]
[WhiteElo "1785"]
[BlackElo "1924"]
[PlyCount "78"]
[EventDate "2009.07.18"]
[EventType "swiss"]
[EventRounds "9"]
[EventCountry "ESP"]
[Source "lmi"]
[SourceDate "2009.07.18"]

1. d4 Nf6 2. Nc3 d5 3. Bg5 Bf5 4. Nf3 e6 5. e3 Be7 6. Bd3 O-O 7. Bxf5 exf5 8.
O-O Nbd7 9. Ne2 Ne4 10. Bxe7 Qxe7 11. Ng3 g6 12. c3 Ndf6 13. Ne5 c6 14. f3 Nd6
15. Re1 Nd7 16. Nxd7 Qxd7 17. e4 fxe4 18. fxe4 Nxe4 19. Nxe4 dxe4 20. Rxe4 Rfe8
21. Rxe8+ Rxe8 22. Qf3 Qe6 23. Rf1 Qxa2 24. Qf2 Qe6 25. Qf4 Qe3+ 26. Qxe3 Rxe3
27. Kf2 Re6 28. Kg3 Re2 29. Rf2 Rxf2 30. Kxf2 f5 31. Ke3 Kf7 32. Kf4 Kf6 33. h4
h6 34. g4 g5+ 35. hxg5+ hxg5+ 36. Kf3 f4 37. Ke4 Ke6 38. c4 a5 39. c5 a4 0-1

[Event "10. Open Internacional de Galapagar"]
[Site "Galapagar ESP"]
[Date "2009.07.25"]
[Round "8.35"]
[White "Fernandez Garcia, Javier"]
[Black "Fernandez Bonilla, Marcangel"]
[Result "1-0"]
[WhiteElo "1923"]
[BlackElo "1688"]
[PlyCount "27"]
[EventDate "2009.07.18"]
[EventType "swiss"]
[EventRounds "9"]
[EventCountry "ESP"]
[Source "lmi"]
[SourceDate "2009.07.18"]

1. d4 Nf6 2. Nf3 g6 3. Nc3 Bg7 4. e4 d6 5. Bd3 O-O 6. Qe2 Ng4 7. Bg5 Re8 8. h3
Nf6 9. O-O-O Nc6 10. d5 Nb8 11. Bc4 e5 12. dxe6 fxe6 13. Bxe6+ Bxe6 14. e5 1-0